Nábytok a bývanie

Bibliographic Details
Main Author: Majorošová, F. (Author)
Format: Article
Language:Slovak
PhysicalDescription:Fotogr.
Subjects:

MARC

LEADER 00000nab a2200000 a 4500
001 vtls000686086
003 SK-MaSNL
005 20260302195500.0
008 180205c1999 xo 0 slo
015 |a SNBRB1999/03-06631 
035 |a CLN000038253 
040 |a SNKBUCL  |b slo  |c SNKBUCL  |e AACR2 
041 0 |a slo 
044 |a xo  |c SK 
080 |a 684.4:061.43  |2 UDC-MRF-SK2 
100 1 |a Majorošová, F.  |4 aut  |9 888633 
245 1 0 |a Nábytok a bývanie  |c F. Majorošová 
300 |b Fotogr. 
611 1 7 |a Nábytok a bývanie  |d 1999  |c Nitra, Slovensko  |2 snkbucl  |9 917047 
655 7 |a články z novín a časopisov  |2 snkbucl  |9 267496 
773 0 |t Výrobné družstevníctvo  |g Roč. 45, č. 6 (1999), s. 13 
850 |a Slovenská národná knižnica v Martine 
852 |a SNK  |b KIS3GCP 
958 |a RBX 
999 |c 1452849  |d 1454779